Một số vấn đề về địa danh học Việt Nam

Khái quát về đặc điểm địa danh, phân loại và phân vùng địa danh Việt Nam. Khái lược về địa danh sông ngòi, hồ đầm, đồi núi, hải đảo, làng xã, quận-huyện, tỉnh-thành phố và địa danh Quốc gia Việt Nam

Gespeichert in:
Bibliographische Detailangaben
1. Verfasser: Nguyễn Văn Âu (Tác giả)
Format: Buch
Sprache:Vietnamese
Veröffentlicht: H. Đại học Quốc gia 2002
Ausgabe:In lần thứ 2
Schlagworte:
Tags: Tag hinzufügen
Keine Tags, Fügen Sie den ersten Tag hinzu!
Thư viện lưu trữ: Mạng thư viện Đại học Đà Nẵng
LEADER 01466nam a2200385 4500
001 000008808
003 5001
005 20120823090821.0
008 111021s2002 viesd
020 |c 12800đ 
041 0 |a vie 
082 |a 910.597  |b NG- 
100 0 |a Nguyễn Văn Âu  |e Tác giả 
245 0 |a Một số vấn đề về địa danh học Việt Nam  |c Nguyễn Văn Âu(Tác giả) 
250 |a In lần thứ 2 
260 |a H.  |b Đại học Quốc gia  |c 2002 
300 |a 155 tr.  |c 21 cm 
500 |a Thư mục: tr. 152-154 
520 |a Khái quát về đặc điểm địa danh, phân loại và phân vùng địa danh Việt Nam. Khái lược về địa danh sông ngòi, hồ đầm, đồi núi, hải đảo, làng xã, quận-huyện, tỉnh-thành phố và địa danh Quốc gia Việt Nam 
653 |a Huyện 
653 |a Làng 
653 |a Xã 
653 |a Địa danh  |a Việt Nam 
700 |a Nguyễn Văn Âu  |e Tác giả 
910 |a duyên 
OWN |a LSP 
AVA |a UDN50  |b LSP  |d 910.597 NG-  |e check_holdings  |t Error 5003 Not defined in file expand_doc_bib_avail.  |h N  |k 1 
999 |a From the UDN01 
AVA |a UDN50  |b LSP  |d 910.597 NG-  |e available  |t Error 5001 Not defined in file expand_doc_bib_avail.  |f 99  |g 2  |h N  |i 38  |k 1 
TYP |a Monograph 
TYP |a Printed language 
980 |a Mạng thư viện Đại học Đà Nẵng